Obras / (Record no. 166320)

MARC details
000 -LEADER
campo de control de longitud fija 00737nam a2200205 i 4500
001 - NÚMERO DE CONTROL
campo de control 166320
003 - IDENTIFICADOR DE NÚMERO DE CONTROL
campo de control ES-MaACL
005 - FECHA Y HORA DE LA ÚLTIMA TRANSACCIÓN
campo de control 20230906213316.0
008 - DATOS DE LONGITUD FIJA--INFORMACIÓN GENERAL
campo de control de longitud fija 190920s1962 sp |||| | spa d
100 0# - ENTRADA PRINCIPAL--NOMBRE DE PERSONA
Nombre de persona Luciano de Samosata.
9 (RLIN) 74580
245 10 - MENCIÓN DEL TÍTULO
Título Obras /
Mención de responsabilidad, etc. Luciano ; texto revisado y corregido por José Alsina.
260 ## - PUBLICACIÓN, DISTRIBUCIÓN, ETC.
Lugar de publicación, distribución, etc. Barcelona :
Nombre del editor, distribuidor, etc. Alma Mater,
Fecha de publicación, distribución, etc. 1962.
300 ## - DESCRIPCIÓN FÍSICA
Extensión 1 v. ;
Dimensiones 24 cm.
490 1# - MENCIÓN DE SERIE
Mención de serie Colección Hispánica de Autores Griegos y Latinos
505 8# - NOTA DE CONTENIDO CON FORMATO
Nota de contenido con formato Contiene: I. El sueño, Diálogos de los dioses, Diálogos marinos (XCVI, 104 p.)
700 0# - ENTRADA AGREGADA--NOMBRE PERSONAL
Nombre de persona Alsina Clota, José.
9 (RLIN) 20486
830 0# - PUNTO DE ACCESO ADICIONAL DE SERIE-TÍTULO UNIFORME
Título uniforme Colección Hispánica de Autores Griegos y Latinos
9 (RLIN) 182969
852 ## - LOCALIZACIÓN
Ubicación ES-MaACL
Número de control de estantería P-804-Bis
Holdings
Estatus retirado Estado de pérdida Estado de daño No para préstamo Biblioteca de origen Biblioteca actual Ubicación en estantería Fecha de adquisición Fuente de adquisición Total de préstamos Signatura topográfica completa Código de barras Visto por última vez Precio de reemplazo Tipo de ítem Koha
        Biblioteca del Ateneo de Madrid Biblioteca del Ateneo de Madrid Depósito 2 20/09/2019     P-804-bis 1201119 23/02/2023 23/02/2023 Libro impreso